Countries Winston Churchill visited - Statistics

General Stats
  • This quiz has been taken 214 times
  • The average score is 12 of 19
Answer Stats
Continent Country % Correct
Europe France
99%
North America United States of America
97%
Europe Germany
95%
North America Canada
94%
Europe Italy
86%
Asia/ Europe Russia
84%
Africa Egypt
77%
Europe Belgium
76%
Africa South Africa
69%
Asia/ Europe Turkey
69%
Asia India
61%
Asia Iran
59%
Europe Greece
58%
North America Cuba
50%
Africa Morocco
47%
Europe Ukraine
43%
Africa Tunisia
32%
Africa Sudan
31%
Europe Malta
19%
No matching quizzes found
Score Distribution
Percent of People with Each Score
Percentile by Number Answered
Your Score History
You have not taken this quiz